MCSD Visual Basic 6 distributed applications study guide (Record no. 88453)

MARC details
000 -LEADER
fixed length control field 00525nam a2200193Ia 4500
008 - FIXED-LENGTH DATA ELEMENTS--GENERAL INFORMATION
fixed length control field 230125s9999 xx 000 0 und d
020 ## - INTERNATIONAL STANDARD BOOK NUMBER
International Standard Book Number 81-7656-062-6
041 ## - LANGUAGE CODE
Language code of text/sound track or separate title eng
082 ## - DEWEY DECIMAL CLASSIFICATION NUMBER
Classification number 005.133
Item number LEE
100 ## - MAIN ENTRY--PERSONAL NAME
Personal name Lee M
9 (RLIN) 111531
245 ## - TITLE STATEMENT
Title MCSD Visual Basic 6 distributed applications study guide
260 ## - PUBLICATION, DISTRIBUTION, ETC. (IMPRINT)
Date of publication, distribution, etc. 1999
Name of publisher, distributor, etc. BPB publication
Place of publication, distribution, etc. New Delhi
300 ## - PHYSICAL DESCRIPTION
Extent 719p
500 ## - GENERAL NOTE
Keywords Visual Basic
650 ## - SUBJECT ADDED ENTRY--TOPICAL TERM
Topical term or geographic name as entry element Computer Management
700 ## - ADDED ENTRY--PERSONAL NAME
Personal name Lee M & Christensen C
9 (RLIN) 111532
906 ## - LOCAL DATA ELEMENT F, LDF (RLIN)
b 72
Holdings
Withdrawn status Lost status Damaged status Not for loan Home library Current library Date acquired Vendor Cost, normal purchase price Bill number Full call number Barcode Date last seen Cost, replacement price Bill Date Koha item type Original Barcode
Withdrawn 2022-23       Smt. Hiraben Nanavati Institute of Management & Research for Women Smt. Hiraben Nanavati Institute of Management & Research for Women 28/07/2004 Pradeep Book Depot 360.00 20676 005.133 LEE B03983 HIMR-BK-3983 25/01/2023 288.00 23/07/2004 Books B03983